Central Library OPAC University of Rajshahi

من كتاب المختصر في اخبار البشر /min kitab almukhtasar fi akhbar albashar / (Record no. 81243)

MARC details
000 -LEADER
fixed length control field 01028nam a2200265 a 4500
001 - CONTROL NUMBER
control field 81243
003 - CONTROL NUMBER IDENTIFIER
rucl marc code BD-RjUL
005 - DATE AND TIME OF LATEST TRANSACTION
control field 20230216101906.0
008 - FIXED-LENGTH DATA ELEMENTS--GENERAL INFORMATION
fixed length control field 230218s1837 fr 000 0 ara d
035 ## - SYSTEM CONTROL NUMBER
System control number (BD-RjUL)81243
040 ## - CATALOGING SOURCE
Original cataloging agency TAU
Language of cataloging eng
Transcribing agency BD-RjUL
041 0# - LANGUAGE CODE
Language code of text/sound track or separate title ara
082 ## - DEWEY DECIMAL CLASSIFICATION NUMBER
Edition number 23
Classification number 930.005
Author mark and year ABM 1837
090 ## - LOCALLY ASSIGNED LC-TYPE CALL NUMBER (OCLC); LOCAL CALL NUMBER (OCLC)
Classification number (OCLC) (R) ; Classification number, CALL (RLIN) (NR) 297.92
100 1# - MAIN ENTRY--PERSONAL NAME
Personal name ابو الفداء، اسمعيل بن علي،Abu al-Fida, Ismael bin Ali,
Dates associated with a name 1273-1331
9 (RLIN) 7025
245 10 - TITLE STATEMENT
Title من كتاب المختصر في اخبار البشر /min kitab almukhtasar fi akhbar albashar /
Statement of responsibility, etc. by Abi Al Feda Ismail تأليف ابي الفدا اسماعيل
246 31 - VARYING FORM OF TITLE
Title proper/short title المختصر في اخبار البشر
260 ## - PUBLICATION, DISTRIBUTION, ETC. (IMPRINT)
Place of publication, distribution, etc. باريز :
Name of publisher, distributor, etc. دار الطباعة الملكية،
Date of publication, distribution, etc. ١٨٣٧
300 ## - PHYSICAL DESCRIPTION
Pagination ١٢٠، 160 ص
Size 23 cm
500 ## - GENERAL NOTE
General note للكتاب عنوان آخر بالفرنسية
General note الكتاب بالعربية والفرنسية
600 04 - SUBJECT ADDED ENTRY--PERSONAL NAME
Personal name Muhammad,
Titles and other words associated with a name Prophet,
Dates associated with a name -632.
650 #4 - SUBJECT ADDED ENTRY--TOPICAL TERM
Topical term or geographic name as entry element History, Ancient
9 (RLIN) 7026
942 ## - ADDED ENTRY ELEMENTS (KOHA)
Source of classification or shelving scheme Dewey Decimal Classification
Koha item type Books
Holdings
Lost status Source of classification or shelving scheme Damaged status Not for loan Collection code Permanent Location Current Location Shelving location Date acquired Total Checkouts Full call number Date last seen Copy number Koha item type
  Dewey Decimal Classification   Not For Loan Non-fiction Central Library, University of Rajshahi Central Library, University of Rajshahi Reading Room 16/02/2023   A 930.005 ABM 1837 16/02/2023 C-1 Books